000 01346nam a22001577a 4500
999 _c527871
_d527871
008 241001b ||||| |||| 00| 0 eng d
100 _aSingh, Abhishek and Anusha
_959038
245 _aThe digital personal data protection act, 2023: An ambitious government step towards ensuring its wide reach
260 _aIndian Journal of Public Administration
300 _a70(3), Sep, 2024: p.502-515
520 _ahis article is divided into three major segments. The initial section offers a concise overview of the requisite data protection laws in India, aiming to regulate and oversee the collection, processing and utilisation of personal data. The second section delves into an in-depth examination of the Digital Personal Data Protection Act, 2023 (the Act), accompanied by illustrative examples and its scope of applicability. The concluding part presents an analysis of the Act, focusing on its efforts and challenges in safeguarding wide reach as well as its implications for rural populations.- Reproduced https://journals.sagepub.com/doi/full/10.1177/00195561241271533
650 _aDigital personal protection data act 2023 (the act), Provisions of the act, Applicability of the act (rural areas), Prospects of the act.
_947925
773 _aIndian Journal of Public Administration
906 _aCYBER SECURITY
942 _cAR